00510nam a2200169Ia 4500999001700000003000400017005001700021008004100038040000900079082002100088100002100109245006100130260007800191300000900269650001400278942004800292 c10051d10051OSt20191217144643.0190216s9999||||xx |||||||||||||| ||und|| coclc a338.95483bPIL/K aPillai, P P9542 0aKerala Economy Four Decades Of Development /cP P Pillai bInstitution Of Planning And Applied Economics Research,aThrissur:c1994. a197p aEconomics cBK2ddch338.95483iPIL/Kk338.95483mPIL/K